| 000 | 00000nam 2200000za 4500 |
| 001 | 9.526940 |
| 003 | CaOODSP |
| 005 | 20200331224658 |
| 007 | ta |
| 008 | 150406|1995||||xxc||||| f|0| 0 eng d |
| 020 | |a0-662-62255-3 |
| 040 | |aCaOODSP|beng |
| 041 | |aeng |
| 041 | |afre |
| 043 | |an-cn--- |
| 086 | 1 |aC21-25/2-1996 |
| 110 | 1 |aCanada.|bIndustry Canada. |bMicro-Economic Analysis Directorate. |
| 245 | 10|aTechnological change and international economic institutions / |cby Sylvia Ostry. |
| 260 | |aOttawa - Ontario : |bIndustry Canada. |c1995. |
| 300 | |aEnglish text, 41p. : |bgraphs, references, tables ; |c28 cm. |
| 490 | 1 |aDiscussion paper|v2 |
| 500 | |aContents: Introduction.--Globalization and deeper integration.--The new policy template of deeper integration.--Technological change and the post Uruguay policy agenda.--Policy options in the WTO.--Policy options in the OECD.--Conclusions. |
| 546 | |aBilingual |
| 563 | |aSoftcover |
| 590 | |a97-45|b1997-11-07 |
| 690 | 07|aTechnological innovation|2gcpds |
| 720 | 1 |aOstry, Sylvia |
| 776 | 0#|tTechnological change and international economic institutions |w(CaOODSP)9.571963 |
| 776 | 0#|tLe changement technologique et les institutions économiques internationales |w(CaOODSP)9.602383 |
| 792 | |tLe changement technologique et les institutions économiques internationales / |efre|w(CaOODSP)9.526941 |
| 830 | #0|aDiscussion paper (Canada. Industry Canada)|v2|w(CaOODSP)9.509054 |